ဢၼ်ပုတ်ႉထၸဝ်ႈသင်ႇသွၼ် / (Record no. 26567)

000 -LEADER
fixed length control field 01203nam a22002417a 4500
003 - CONTROL NUMBER IDENTIFIER
control field OSt
005 - DATE AND TIME OF LATEST TRANSACTION
control field 20260128094741.0
008 - FIXED-LENGTH DATA ELEMENTS--GENERAL INFORMATION
fixed length control field 230630b ||||| |||| 00| 0 eng d
040 ## - CATALOGING SOURCE
Transcribing agency SSBUL
041 ## - LANGUAGE CODE
Language code of text/sound track or separate title Shan
082 ## - DEWEY DECIMAL CLASSIFICATION NUMBER
Classification number 294.307
100 ## - MAIN ENTRY--PERSONAL NAME
Personal name ရႃႇႁူႉလႃႇ၊ ဝၽေႃးလ
Titles and words associated with a name ၸဝ်ႈ
245 ## - TITLE STATEMENT
Title ဢၼ်ပုတ်ႉထၸဝ်ႈသင်ႇသွၼ် /
Statement of responsibility, etc. ၸဝ်ႈရႃႇႁူႉလႃႇဝၽေႃးလ၊ ပိၼ်ႇတႅမ်ႈ- ၸဝ်ႈသြႃႇဝိသုတ်ႉထ
260 ## - PUBLICATION, DISTRIBUTION, ETC.
Place of publication, distribution, etc. တႃႈၵုင်ႈ
Name of publisher, distributor, etc. ၵတ်း
Date of publication, distribution, etc. 2005
300 ## - PHYSICAL DESCRIPTION
Extent xiv၊ 141 ၼႃႈ
Dimensions 22 ၸိၼ်ႇထီႇ
500 ## - GENERAL NOTE
General note ပႃးပပ်ႉၸဝ်ႈတႃႇၼႁင်းၶေႃတွၵ်ႉတိူဝ်ႇၸၢႆးဢွင်ႇထုၼ်း၊ မၢႆ- 1725
General note S-SAT: Dr. Prof Sai Aung Tun
504 ## - BIBLIOGRAPHY, ETC. NOTE
Bibliography, etc. note ပပ်ႉၵဝ်ႉငဝ်ႈ- What The Buddha Taught by BHANTE WALPOLA RAHULA
650 ## - SUBJECT ADDED ENTRY--TOPICAL TERM
Topical term or geographic name entry element လဵပ်ႈႁဵၼ်းလွင်ႈပုတ်ႉထၽႃႇသႃလႄႈၶေႃႈသင်ႇသွၼ်မၼ်း
942 ## - ADDED ENTRY ELEMENTS (KOHA)
Koha item type Books (Long term)
100 ## - MAIN ENTRY--PERSONAL NAME
9 (RLIN) 26651
650 ## - SUBJECT ADDED ENTRY--TOPICAL TERM
9 (RLIN) 27066
Source of classification or shelving scheme
Source of classification or shelving scheme
Holdings
Withdrawn status Lost status Source of classification or shelving scheme Damaged status Not for loan Collection Code Permanent Location Current Location Shelving location Date acquired Total Checkouts Full call number Barcode Date last seen Date last checked out Copy number Price effective from Koha item type Accession Total Renewals
          Tai Collection Shan State Buddhist University Library Shan State Buddhist University Library Tai Shelves 30/06/2023 1 294.307 ရႃႇ ႗႙႖(1) SH00000796 21/08/2024 06/08/2024 1 30/06/2023 Books (Long term) ႗႙႖(1)  
          Tai Collection Shan State Buddhist University Library Shan State Buddhist University Library Tai Shelves 30/06/2023   294.307 ရႃႇ ႘႕႕(2) SH00000855 30/06/2023   2 30/06/2023 Books (Long term) ႘႕႕(2)  
          Tai Collection Shan State Buddhist University Library Shan State Buddhist University Library Tai Shelves 30/06/2023 6 294.307 ရႃႇ ႘႕႖(3) SH00000856 24/02/2026 16/02/2026 3 30/06/2023 Books (Long term) ႘႕႖(3) 1
          Tai Collection Shan State Buddhist University Library Shan State Buddhist University Library Tai Shelves 30/06/2023 3 294.307 ရႃႇ ႘႕႗(4) SH00000857 02/07/2025 25/06/2025 4 30/06/2023 Books (Long term) ႘႕႗(4)  
          Tai Collection Shan State Buddhist University Library Shan State Buddhist University Library Tai Shelves 30/06/2023 10 294.307 ရႃႇ ႘႕႘(5) SH00000858 04/06/2025 28/05/2025 5 30/06/2023 Books (Long term) ႘႕႘(5) 1
          Tai Collection Shan State Buddhist University Library Shan State Buddhist University Library Tai Shelves 30/06/2023 4 294.307 ရႃႇ ႘႕႙(6) SH00000859 16/05/2025 02/04/2025 6 30/06/2023 Books (Long term) ႘႕႙(6)  
          Special Collections Shan State Buddhist University Library Shan State Buddhist University Library Special Collection Shelves 30/06/2023   294.307 ရႃႇ ႑႗႒႕ S-SAT SH00001725 30/06/2023   7 30/06/2023 Book (Short term) ႑႗႒႕ S-SAT  

Library - 09407999929
Admin Office - 09407999979
Dean Office - 09250910768
Registrar Office - 09892297154
Email - [email protected]
Shan State Buddhist University, Phaya Phyu Taunggyi, Shan State, Myanmar.